Test de Rapidité - Code binaire - Statistiques

Statistiques générales
  • Ce quiz a été pris 493 fois
  • Le résultat moyen est 25 sur 56
Statistiques - réponses
% Correct
0 0
53%
1 1
51%
1 1
50%
1 1
50%
1 1
50%
0 0
49%
0 0
49%
1 1
49%
1 1
49%
0 0
48%
1 1
48%
1 1
48%
1 1
48%
0 0
47%
0 0
47%
0 0
47%
0 0
47%
1 1
47%
1 1
47%
1 1
47%
1 1
47%
0 0
46%
0 0
46%
0 0
46%
1 1
46%
0 0
45%
0 0
45%
0 0
45%
1 1
45%
1 1
45%
1 1
45%
0 0
44%
0 0
44%
0 0
44%
0 0
44%
0 0
44%
1 1
44%
1 1
44%
1 1
44%
1 1
44%
0 0
43%
1 1
43%
1 1
43%
0 0
42%
0 0
42%
1 1
42%
1 1
42%
0 0
41%
0 0
41%
0 0
41%
1 1
41%
0 0
40%
0 0
40%
0 0
40%
1 1
40%
1 1
40%
1 1
40%
0 0
39%
0 0
39%
1 1
39%
1 1
39%
0 0
38%
1 1
38%
1 1
38%
1 1
38%
0 0
35%
Aucun quiz correspondant
Distribution des résultats
% des personnes avec chaque résultat
Percentile par nombre de réponses
Votre historique - résultats
Vous n’avez pas pris ce quiz